Policy and trade issues of the Japanese economy : American and Japanese perspectives

محفوظ في:
التفاصيل البيبلوغرافية
المؤلف الرئيسي: Kozo, Yamamura
التنسيق: كتاب
اللغة:Undetermined
منشور في: Tokyo University of Tokyo Press 1982
الوسوم: إضافة وسم
لا توجد وسوم, كن أول من يضع وسما على هذه التسجيلة!
Thư viện lưu trữ: Trung tâm Học liệu Trường Đại học Cần Thơ
LEADER 00491nam a2200169Ia 4500
001 CTU_77825
008 210402s9999 xx 000 0 und d
082 |a 338.952 
082 |b Y19 
100 |a Kozo, Yamamura 
245 0 |a Policy and trade issues of the Japanese economy : 
245 0 |b American and Japanese perspectives 
245 0 |c Kozo Yamamura 
260 |a Tokyo 
260 |b University of Tokyo Press 
260 |c 1982 
980 |a Trung tâm Học liệu Trường Đại học Cần Thơ